=LDR 00000nam 2200000 4500 =001 INLIS000000000019155 =005 20200429095726 =035 ##$$a 0010-061300000019155 =008 200429################g##########0#ind## =041 ##$$a Ind =082 ##$$a 2x3.71 =090 ##$$a 2x3.71, Uba s =100 1#$$a Alubaid, Abdul Aziz Bin Shalih =245 1#$$a Syetan VS manusia /$c Abdul Aziz Bin Shalih Al Ubaid ; penerjemah, Abdul Munawir =260 ##$$a Jakarta :$b Buku Islam Rahmatan,$c 2002 =300 ##$$a 190 hlm, ; $c 21 x 14 cm. =650 #4$$a Manusia dan syetan =850 ##$$a NBPNMAT =084 ##$$a 2x3.71 ALU s =250 ##$$a Cet. 1 =700 #$$a Abdul Munawir =990 ##$$a 20602583 =990 ##$$a 20602580